Fr. Conceicao Rodrigues College of Engineering

Digital VLSI system design (Record no. 22976)

MARC details
000 -LEADER
fixed length control field 00337nam a2200169Ia 4500
082 ## - DEWEY DECIMAL CLASSIFICATION NUMBER
Classification number 621.395
Item number RAM
100 ## - MAIN ENTRY--PERSONAL NAME
Personal name Ramachandran/S
245 ## - TITLE STATEMENT
Title Digital VLSI system design
260 ## - PUBLICATION, DISTRIBUTION, ETC.
Name of publisher, distributor, etc. Springer
Date of publication, distribution, etc. 2007
366 ## - TRADE AVAILABILITY INFORMATION
Publishers's discount category 25
300 ## - PHYSICAL DESCRIPTION
Extent 709
546 ## - LANGUAGE NOTE
Language note ENGLISH
-- TTL
650 ## - SUBJECT ADDED ENTRY--TOPICAL TERM
Topical term or geographic name entry element VLSI
654 ## - SUBJECT ADDED ENTRY--FACETED TOPICAL TERMS
Focus term VLSI
942 ## - ADDED ENTRY ELEMENTS (KOHA)
Koha item type Reference Book
Holdings
Withdrawn status Lost status Damaged status Not for loan Collection Home library Current library Date acquired Source of acquisition Cost, normal purchase price Inventory number Total Checkouts Full call number Barcode Date last seen Cost, replacement price Price effective from Koha item type
        CRC Fr. Agnel's C.Rodrigues College of Engineering Fr. Agnel's C.Rodrigues College of Engineering 17/03/2023 Milan Book Supplier 5913.00 2111 dt 25/05/2010   621.395 RAM 20681 17/03/2023 7884.00   Reference Book